Guess these footballers' first name #2 - Statistics

General Stats
  • This quiz has been taken 45 times
  • The average score is 15 of 26
Answer Stats
Hint Answer % Correct
Cantona Eric
93%
Casillas Iker
86%
Rakitic Ivan
84%
Lamela Erik
82%
Valdes Victor
82%
Hummels Mats
77%
Rush Ian
75%
Veratti Marco
75%
Benteke Christian
73%
Matip Joel
73%
Anelka Nicolas
68%
Ramsdale Aaron
64%
Bonucci Leonardo
61%
Robertson Andrew
59%
Chiellini Giorgio
57%
Gameiro Kevin
57%
Handanovic Samir
52%
Banega Ever
50%
Gulacsi Peter
41%
Mutu Adrian
36%
Muslera Fernando
36%
Dzyuba Artem
34%
Oyarzabal Mikel
34%
Florenzi Alessandro
32%
Gignac Andre-Pierre
27%
Montolivo Riccardo
27%
No matching quizzes found
Score Distribution
Percent of People with Each Score
Percentile by Number Answered
Your Score History
You have not taken this quiz